[Event "Ibercaja Open"]
[Site "Zaragoza"]
[Date "1994.??.??"]
[Round "5"]
[White "Pogorelov, Ruslan"]
[Black "Todorcevic, Miodrag"]
[Result "1-0"]
[WhiteElo "2415"]
[BlackElo "2505"]
[PlyCount "97"]
[EventDate "1994.04.??"]
[Source "www.chesslib.no"]
[SourceDate "2004.05.04"]

1. Nf3 g6 2. d4 Bg7 3. c4 d6 4. Nc3 Nd7 5. e4 e5 6. Be2 Ngf6 7. Be3 O-O 8. d5 Ng4 9. Bg5 f6 10. Bh4 Nh6 11. Nd2 a5 12. a3 Nc5 13. b4 axb4 14. axb4 Rxa1 15. Qxa1 Na6 16. Qa3 g5 17. Bg3 f5 18. exf5 Nxf5 19. O-O Nd4 20. Bd3 h5 21. f3 h4 22. Be1 g4 23. fxg4 Rxf1+ 24. Nxf1 h3 25. Nb5 e4 26. Bxe4 Ne2+ 27. Kh1 Bxg4 28. gxh3 Bh5 29. Qe3 Qf6 30. Bg2 c6 31. Na7 Qa1 32. Bd2 c5 33. bxc5 Nxc5 34. Nb5 Qe5 35. Qxe5 Bxe5 36. Be3 Nd3 37. Be4 Nb2 38. Nd2 Nd1 39. Bg5 Nf2+ 40. Kg2 Nd1 41. Bf3 Bxf3+ 42. Kxf3 Ng1+ 43. Kg2 Ne2 44. Ne4 Nb2 45. Nexd6 b6 46. Be3 Nf4+ 47. Kf3 Nxh3 48. Kg4 Nd1 49. Bxb6 1-0

[Event "Andorra la Vella op 20th"]
[Site "Andorra la Vella"]
[Date "2002.07.07"]
[Round "2"]
[White "Caselas Cabanas, Jacobo"]
[Black "Oratovsky, Michael"]
[Result "1/2-1/2"]
[WhiteElo "2356"]
[BlackElo "2556"]
[PlyCount "42"]
[EventDate "2002.07.06"]
[Source "ChessBase"]
[SourceDate "2002.09.11"]

1. d4 d6 2. Nf3 g6 3. c4 Bg7 4. Nc3 Nf6 5. e4 O-O 6. Be2 Nbd7 7. Qc2 e5 8. d5 a5 9. Bg5 h6 10. Bh4 Nc5 11. Nd2 Bd7 12. O-O Qb8 13. b3 c6 14. a3 cxd5 15. cxd5 Rc8 16. Qb2 b5 17. b4 axb4 18. axb4 Na4 19. Nxa4 bxa4 20. b5 Qb6 21. Qb4 Qd4 1/2-1/2

[Event "JUG Cup"]
[Site "Ulcinj"]
[Date "1997.??.??"]
[Round "?"]
[White "Arsovic, Zoran"]
[Black "Todorcevic, Miodrag"]
[Result "0-1"]
[WhiteElo "2425"]
[BlackElo "2470"]
[PlyCount "128"]
[EventDate "1997.??.??"]
[Source "www.chesslib.no"]
[SourceDate "2004.05.04"]

1. Nf3 g6 2. c4 Bg7 3. d4 d6 4. Nc3 Nd7 5. e4 e5 6. Be2 Ngf6 7. Be3 O-O 8. d5 Ng4 9. Bg5 f6 10. Bh4 Nh6 11. Nd2 c5 12. dxc6 bxc6 13. Nb3 Nf7 14. O-O a5 15. Na4 Rb8 16. Qc2 d5 17. Rad1 d4 18. c5 Qc7 19. Bc4 Qa7 20. Nc1 Kh8 21. Nd3 Nd8 22. Rde1 g5 23. Bg3 Ba6 24. Bxa6 Qxa6 25. h4 Ne6 26. b3 Qb5 27. Rc1 Bh6 28. Rcd1 Rg8 29. h5 g4 30. Rfe1 Ng7 31. Nab2 Nxh5 32. Nc4 Rbf8 33. Nd6 Qa6 34. Nf5 Bg5 35. Qe2 Nxg3 36. Nxg3 Qa7 37. Qc2 Rb8 38. Qc4 Nf8 39. Nf5 Qd7 40. g3 Ne6 41. Kg2 Ng7 42. Nd6 Rgf8 43. Re2 h5 44. Rh1 Kh7 45. Ree1 Kg6 46. Rh2 Rh8 47. Reh1 Ra8 48. Qc2 Qe6 49. Qe2 Rad8 50. Nc4 a4 51. bxa4 h4 52. Rb1 h3+ 53. Kg1 Kh7 54. Rb4 Rb8 55. Rh1 f5 56. a3 Rxb4 57. Nxb4 f4 58. Nxe5 Qxe5 59. Qxg4 Kg6 60. Nd3 Qxe4 61. Nxf4+ Kf7 62. Qd7+ Be7 63. Nxh3 Rh5 64. Rh2 Rxc5 0-1

[Event "RUS-Cup"]
[Site "Nizhnij Novgorod"]
[Date "1999.??.??"]
[Round "9"]
[White "Prokopchuk, Evgeny"]
[Black "Varavin, Viktor"]
[Result "1/2-1/2"]
[WhiteElo "2489"]
[BlackElo "2406"]
[PlyCount "66"]
[EventDate "1999.??.??"]
[Source "www.chesslib.no"]
[SourceDate "2004.05.04"]

1. d4 Nf6 2. c4 d6 3. Nc3 g6 4. e4 Bg7 5. Be2 O-O 6. Be3 Nbd7 7. Nf3 e5 8. d5 Ng4 9. Bg5 f6 10. Bh4 Nh6 11. Nd2 Nf7 12. b4 h5 13. h3 Bh6 14. Nb3 b6 15. g4 hxg4 16. Bxg4 a5 17. a3 axb4 18. axb4 Rxa1 19. Nxa1 Ng5 20. Bxg5 Bxg5 21. h4 f5 22. Bxf5 gxf5 23. Rg1 Nf6 24. Rxg5+ Kf7 25. Qf3 Rh8 26. Qg3 Nh5 27. Qg1 Qf6 28. Nc2 Nf4 29. Rg3 Nh5 30. Rf3 Rg8 31. Qh2 f4 32. Kd2 Rg4 33. Qh1 Qxh4 1/2-1/2

[Event "Hellir op"]
[Site "Reykjavik"]
[Date "1997.10.27"]
[Round "4"]
[White "Gunnarsson, Jon Viktor"]
[Black "Hickl, Joerg"]
[Result "1-0"]
[WhiteElo "2315"]
[BlackElo "2565"]
[PlyCount "93"]
[EventDate "1997.10.24"]
[Source "ChessBase"]
[SourceDate "1998.03.09"]

1. e4 g6 2. d4 Bg7 3. Nf3 d6 4. c4 Nd7 5. Nc3 e5 6. Be2 Ngf6 7. d5 O-O 8. Bg5 h6 9. Bh4 a6 10. Nd2 Qe8 11. O-O Nh7 12. b4 h5 13. f3 f5 14. Bf2 Qe7 15. a4 Bh6 16. Ra2 Bf4 17. a5 Ndf6 18. c5 g5 19. Nc4 g4 20. cxd6 cxd6 21. Nb6 Rb8 22. Qd3 Ng5 23. Bh4 gxf3 24. Bxf3 fxe4 25. Nxc8 Rbxc8 26. Nxe4 Nfh7 27. Bxh5 Qg7 28. Bg4 Rce8 29. Nxd6 Qh6 30. Nxe8 Rxe8 31. g3 e4 32. Qb3 Bd6 33. Re2 e3 34. Kg2 Nf6 35. Be6+ Nxe6 36. Rxf6 Nf4+ 37. gxf4 Qxh4 38. Rg6+ Kf7 39. Rg3 Bxf4 40. d6+ Kf6 41. d7 Rd8 42. Rexe3 Bxe3 43. Qxe3 Rxd7 44. Rf3+ Kg7 45. Qe5+ Kh7 46. Qf5+ Kh6 47. Qxd7 1-0

[Event "Mislata Open 2nd"]
[Site "Mislata"]
[Date "1993.??.??"]
[Round "2"]
[White "Franco Ocampos, Zenon"]
[Black "Rodriguez, Jorge Luis"]
[Result "1-0"]
[WhiteElo "2505"]
[BlackElo "2365"]
[PlyCount "78"]
[EventDate "1993.08.??"]
[Source "www.chesslib.no"]
[SourceDate "2004.05.04"]

1. Nf3 Nf6 2. c4 g6 3. Nc3 Bg7 4. e4 O-O 5. d4 d6 6. Be2 e5 7. d5 Nbd7 8. Bg5 h6 9. Bh4 a6 10. O-O Qe8 11. Nd2 Nh7 12. b4 Ng5 13. Rc1 f5 14. f3 Nf7 15. Nb3 h5 16. c5 Nf6 17. b5 fxe4 18. Bxf6 Bxf6 19. Nxe4 Ng5 20. Nxf6+ Rxf6 21. cxd6 cxd6 22. b6 Rf7 23. Qd2 Nh7 24. Rc7 Rxc7 25. bxc7 Qe7 26. Rc1 Nf6 27. Na5 Kg7 28. Kh1 b6 29. Nc4 Qxc7 30. Nxe5 Qe7 31. Nc4 Rb8 32. Bd3 Bd7 33. Re1 Qf8 34. Qg5 Re8 35. Rc1 Qe7 36. h3 b5 37. Nb6 Qf7 38. Rc7 Re7 39. Kh2 Be8 1-0

[Event "Camp. svizzero a sq. - Winterthur-Zurig"]
[Site "Svizzera"]
[Date "2008.09.06"]
[Round "6.6"]
[White "Huss, Andreas"]
[Black "Vogt, Lothar"]
[Result "1/2-1/2"]
[WhiteElo "2385"]
[BlackElo "2479"]
[PlyCount "94"]
[EventDate "2007.11.25"]
[Source "www.chesslib.no"]
[SourceDate "2004.05.04"]

1. d4 d6 2. c4 e5 3. Nf3 Nd7 4. Nc3 g6 5. e4 Bg7 6. Be2 Ngf6 7. d5 Nc5 8. Qc2 a5 9. Bg5 h6 10. Be3 O-O 11. Nd2 Ng4 12. Bxg4 Bxg4 13. O-O Bd7 14. b3 f5 15. f3 Na6 16. a3 f4 17. Bf2 g5 18. Rab1 g4 19. fxg4 Bxg4 20. Nf3 Bxf3 21. gxf3 Qd7 22. Kh1 Kh7 23. b4 axb4 24. axb4 Bf6 25. b5 Nb8 26. c5 Qh3 27. Qd3 dxc5 28. Bxc5 Rg8 29. Rg1 Nd7 30. Bb4 Rg3 31. Rbf1 Rag8 32. Qe2 Nb6 33. d6 cxd6 34. Bxd6 Nc4 35. Nd5 Rxg1+ 36. Rxg1 Rxg1+ 37. Kxg1 Nxd6 38. Nxf6+ Kg7 39. Ng4 Nf7 40. Nf2 Qd7 41. Qd3 Qxd3 42. Nxd3 Kf6 43. Nc5 Nd8 44. Kg2 Ke7 45. Kh3 Kd6 46. Nd3 Ne6 47. Kg4 Nd4 1/2-1/2